[Event "Florianopolis op 9th"]
[Site "Florianopolis"]
[Date "2023.01.26"]
[Round "6"]
[White "Silva, Janderson Rossi Da"]
[Black "Goncalves, Davi Augusto"]
[Result "1/2-1/2"]
[WhiteElo "1883"]
[BlackElo "1667"]
[PlyCount "59"]
[EventDate "2023.01.23"]
[EventType "swiss"]
[EventRounds "10"]
[EventCountry "BRA"]
[SourceTitle "CBM 212 Extra"]
[Source "ChessBase"]
[SourceDate "2023.03.31"]
[SourceVersion "1"]
[SourceVersionDate "2023.03.31"]
[SourceQuality "1"]

1. e4 c5 2. c3 Nf6 3. e5 Nd5 4. d4 e6 5. Nf3 Be7 6. c4 Nb6 7. Nc3 cxd4 8. Qxd4 Nc6 9. Qg4 Bf8 10. Bg5 Qc7 11. Nb5 Qb8 12. Bf4 Bb4+ 13. Kd1 Rg8 14. a3 Be7 15. Bd3 g6 16. Nd6+ Bxd6 17. exd6 e5 18. Nxe5 Qxd6 19. Re1 Ne7 20. Kc2 Qc5 21. b4 Qxf2+ 22. Re2 Qd4 23. Rae1 d6 24. Nd7 Na4 25. Rxe7+ Kd8 26. Kb3 Qxd3+ 27. Kxa4 b5+ 28. cxb5 Qc2+ 29. Ka5 Qc7+ 30. Ka4 1/2-1/2

[Event "Pan American-ch Hybrid U14 31st"]
[Site "Tornelo INT"]
[Date "2021.09.04"]
[Round "9"]
[White "Goncalves, Davi Augusto"]
[Black "Komatu, Felipe Karczewski"]
[Result "1/2-1/2"]
[WhiteElo "1642"]
[BlackElo "1285"]
[PlyCount "112"]
[EventDate "2021.09.04"]
[EventType "swiss"]
[EventRounds "9"]
[EventCountry "NET"]
[SourceTitle "EXT 2023"]
[Source "ChessBase"]
[SourceDate "2022.10.05"]
[SourceVersion "1"]
[SourceVersionDate "2022.10.05"]
[SourceQuality "1"]

1. d4 Nf6 2. c4 g6 3. Nc3 d5 4. cxd5 Nxd5 5. Bd2 Bg7 6. e4 Nb6 7. Be3 0-0 8. h3 e5 9. Nf3 exd4 10. Bxd4 Be6 11. Bxg7 Kxg7 12. Qc2 Nc6 13. a3 Qe7 14. Be2 Rad8 15. 0-0 Bc4 16. Rfe1 Bxe2 17. Rxe2 Ne5 18. Nxe5 Qxe5 19. Rae1 Rd7 20. Na4 Qb5 21. Qc3+ Kg8 22. Nxb6 Qxb6 23. e5 Qe6 24. Re3 h5 25. Rf3 Kh7 26. Rf6 Qe7 27. e6 Rd6 28. Qf3 Kg7 29. Rf4 Rxe6 30. Rxe6 Qxe6 31. Qxb7 Qb6 32. Rb4 Qd6 33. Qxa7 Re8 34. Qd4+ Qxd4 35. Rxd4 Re1+ 36. Kh2 Re2 37. Rb4 Rxf2 38. Kg3 Rc2 39. a4 Rc6 40. b3 f5 41. Rc4 Rb6 42. Rxc7+ Kf6 43. Rc3 g5 44. Kf3 g4+ 45. hxg4 hxg4+ 46. Ke3 Rb4 47. g3 Kg5 48. Kf2 f4 49. Rc5+ Kf6 50. Rb5 Rxb5 51. axb5 fxg3+ 52. Kxg3 Ke6 53. Kxg4 Kd6 54. b4 Kc7 55. Kf4 Kb6 56. Ke4 Kxb5 1/2-1/2